Tip dan teknik menggunakan MS Office dan internet /

Bibliographic Details
Main Author: Wan Mohd Nazif Nori
Format: Book
Published: Pahang: PTS Professional Publishing Sdn Bhd, 2005.
Subjects:
LEADER 00543cam a2200181 7i4500
001 0000017967
005 20151104090000.0
005 ##20151104121300.0
003 ##MY-KlINT
020 # # |a 9833376541  
039 # 9 |y 201511041213  |z VLOAD 
090 0 0 |a 005.369   |b WAN 
100 1 # |a Wan Mohd Nazif Nori 
245 1 0 |a Tip dan teknik menggunakan MS Office dan internet /   |c by Wan Mohd Nazif Nori. 
260 # # |a Pahang:   |b PTS Professional Publishing Sdn Bhd,   |c 2005. 
300 # # |a viii,204p.:   |b ill.;   |c 23cm. 
650 # 0 |a Internet  
650 # 0 |a Operating system (computers)